Meg nem alakult részvénytársaság

Elmentve itt :
Bibliográfiai részletek
Dokumentumtípus: Cikk
Megjelent: 1925
Sorozat:Polgári jog : a hazai és külföldi magánjog és hiteljog szemléje 1
Kulcsszavak:Gazdasági jog cégalapítás
Online Access:http://misc.bibl.u-szeged.hu/3864
LEADER 00559nab a2200157 i 4500
001 misc3864
005 20191106143123.0
008 170607s1925 hu o 0|| hun d
040 |a SZTE Miscellanea Repozitórium  |b hun 
041 |a hun 
245 0 0 |a Meg nem alakult részvénytársaság  |h [elektronikus dokumentum] 
260 |c 1925 
300 |a 175a 
490 0 |a Polgári jog : a hazai és külföldi magánjog és hiteljog szemléje  |v 1 
695 |a Gazdasági jog cégalapítás 
856 4 0 |u http://misc.bibl.u-szeged.hu/3864/1/polgari_jog_1925_175a.pdf  |z Dokumentum-elérés